Guerres de la France par personnages clés - Click Quiz - Statistiques

Statistiques générales
  • Ce quiz a été pris 77 fois
  • Le résultat moyen est 8 sur 12
Statistiques - réponses
Hint Réponse % Correct
Charles de Gaulle, Winston Churchill, Adolf Hitler, Benito Mussolini Seconde Guerre Mondiale
88%
Roger Blaizot, Philippe Leclerc, Hô Chi Minh,Võ Nguyen Giáp Guerre d'Indochine
86%
Napoléon III, Léon Gambetta, Otto con Bismarck, Guillaume III Guerre Franco-prussienne
84%
Philippe VI, Jeanne d'Arc, Édouard III, Henry IV Guerre de Cent Ans
79%
Georges Clémenceau, Woodrow Wilson, Guillaume II, François-Joseph Ier Première Guerre Mondiale
77%
Charles de Gaulle, François Mitterrand, Krim Belkacem, Pierre Lagaillarde Guerre d'Algérie
73%
Napoléon Bonaparte, Michel Ney, Arthur Wellesley de Wellington, Johann von Thielmann Guerre de la Septième Coalition
70%
Godefroy de Bouillon, Étienne de Blois, Raymond de Toulouse, Kiliç Arslan Première Croisade
66%
Louis XIV, Philippe V, Anne, Charles III de Habsbourg Guerre de Succession d'Espagne
63%
Louis XV, Catherine II, George II, Frédéric II Guerre de Sept Ans
54%
Philippe Auguste, Richard Cœur de Lion, Frédéric Barberousse, Saladin Troisième Croisade
52%
Louis XIII, Gustave II Adolphe, Ferdinand II, Maximilien Ier de Bavière Guerre de Trente Ans
46%
Aucun quiz correspondant
Distribution des résultats
% des personnes avec chaque résultat
Percentile par nombre de réponses
Votre historique - résultats
Vous n’avez pas pris ce quiz